Miasta Polski z końcówką "Mazowiecki" - Statystyki

Ogólne statystyki
  • Ten quiz został rozwiązany 56 razy
  • Średni wynik to 6 z 9
Statystyki odpowiedzi
Województwo Miasto Populacja % Poprawnych
łódzkie Tomaszów Mazowiecki 57,728
88%
mazowieckie Mińsk Mazowiecki 39,979
77%
mazowieckie Grodzisk Mazowiecki 34,859
75%
łódzkie Rawa Mazowiecka 16,001
71%
mazowieckie Nowy Dwór Mazowiecki 28,533
70%
mazowieckie Ostrów Mazowiecka 21,547
55%
podlaskie Wysokie Mazowieckie 9,001
54%
mazowieckie Ożarów Mazowiecki 15,413
43%
mazowieckie Maków Mazowiecki 8,974
38%
Nie znaleziono quizów pasujących do podanych kryteriów
Rozkład punktacji
Procent ludzi z każdym wynikiem
Percentyl według liczby udzielonych odpowiedzi
Twoja historia wyników
Nie rozwiązałeś tego quizu